[Event "Leverkusen op"]
[Site "Leverkusen"]
[Date "2004.04.19"]
[Round "8"]
[White "Sosnowski, Waldemar"]
[Black "Plobst, Mathias"]
[Result "1/2-1/2"]
[WhiteElo "2168"]
[BlackElo "1859"]
[PlyCount "69"]
[EventDate "2004.01.12"]
[EventType "swiss"]
[EventRounds "9"]
[EventCountry "GER"]
[SourceTitle "EXT 2006"]
[Source "ChessBase"]
[SourceDate "2005.11.24"]
[SourceVersion "1"]
[SourceVersionDate "2005.11.24"]
[SourceQuality "1"]

1. d4 g6 2. Nf3 Bg7 3. c4 Nf6 4. Nc3 0-0 5. e3 b6 6. Be2 Bb7 7. Qc2 Na6 8. a3 c5 9. d5 e6 10. 0-0 exd5 11. cxd5 d6 12. e4 Nc7 13. Bg5 Qd7 14. h3 Rfe8 15. Nd2 b5 16. Bf3 a5 17. Rfe1 Rab8 18. Nb3 Ra8 19. Rad1 b4 20. Ne2 bxa3 21. bxa3 Nb5 22. Bc1 Qd8 23. Bb2 Nd7 24. Bxg7 Kxg7 25. a4 Na7 26. g3 Nc8 27. Bg2 Ba6 28. f4 Bxe2 29. Rxe2 f6 30. Ree1 Rb8 31. g4 Qb6 32. Nd2 Qb4 33. Nf3 Ncb6 34. g5 Qxa4 35. Qc1 1/2-1/2

[Event "Leverkusen op"]
[Site "Leverkusen"]
[Date "2004.03.01"]
[Round "5"]
[White "Boehm, Stefan"]
[Black "Sosnowski, Waldemar"]
[Result "1-0"]
[WhiteElo "2107"]
[BlackElo "2168"]
[PlyCount "61"]
[EventDate "2004.01.12"]
[EventType "swiss"]
[EventRounds "9"]
[EventCountry "GER"]
[SourceTitle "EXT 2006"]
[Source "ChessBase"]
[SourceDate "2005.11.24"]
[SourceVersion "1"]
[SourceVersionDate "2005.11.24"]
[SourceQuality "1"]

1. d4 Nf6 2. c4 c5 3. d5 b5 4. cxb5 e6 5. Nc3 exd5 6. Nxd5 Bb7 7. Nxf6+ Qxf6 8. Nf3 h6 9. e3 d5 10. Be2 Bd6 11. 0-0 0-0 12. Rb1 a6 13. a4 axb5 14. Bxb5 Na6 15. b3 Nc7 16. Bb2 Qe7 17. Be2 Rfe8 18. Re1 Rad8 19. Qc2 d4 20. Qd2 Be4 21. exd4 cxd4 22. Bd3 Bb4 23. Qf4 Bxe1 24. Rxe1 f5 25. Bc4+ Kh7 26. Nxd4 Qc5 27. Qc1 Rxd4 28. Bg8+ Rxg8 29. Qxc5 Ne6 30. Qb6 Rd2 31. Bc1 1-0